Страны, в которых есть обязательная военная служба (2025) - Statistics

General Stats
  • This quiz has been taken 40 times
  • The average score is 57 of 70
Answer Stats
Страна % Correct
Беларусь
100%
Бразилия
100%
Дания
100%
Египет
100%
Израиль
100%
Иран
100%
Мексика
100%
Норвегия
100%
Россия
100%
Турция
100%
Узбекистан
100%
Финляндия
100%
Швеция
100%
Армения
94%
Греция
94%
Грузия
94%
Казахстан
94%
Латвия
94%
Литва
94%
Туркменистан
94%
Украина
94%
Эстония
94%
Алжир
88%
Венесуэла
88%
Колумбия
88%
Куба
88%
Кыргызстан
88%
Марокко
88%
Молдова
88%
Монголия
88%
Таджикистан
88%
Азербайджан
82%
Бутан
82%
Вьетнам
82%
Катар
82%
Корейская Народно-Демократическая Республика
82%
Нигер
82%
Парагвай
82%
Республика Корея
82%
Сальвадор
82%
Сирия
82%
Судан
82%
Тайвань
82%
Швейцария
82%
Австрия
76%
Ангола
76%
Боливия
76%
Гватемала
76%
Китай
76%
Кувейт
76%
Мозамбик
76%
Объединённые Арабские Эмираты
76%
Иордания
71%
Камбоджа
71%
Кипр
71%
Сингапур
71%
Хорватия
71%
Эритрея
71%
Лаос
65%
Таиланд
65%
Тунис
65%
Чад
65%
Южный Судан
65%
Мали
59%
Экваториальная Гвинея
59%
Бенин
53%
Демократическая Республика Конго
53%
Сенегал
53%
Гвинея-Бисау
41%
Кабо-Верде
35%
No matching quizzes found
Score Distribution
Percent of People with Each Score
Percentile by Number Answered
Your Score History
You have not taken this quiz